ბათუმის შოთა რუსთაველის სახელმწიფო უნივერსიტეტის ბიბლიოთეკა

ეპიტაფია როგორც ტექსტობრივი ფენომენი და მისი ძირითადი ტიპები ქართულ და ანგლო-ამერიკულ კულტურებში : (ბიბ.ჩანაწერი № 40758)

000 -ლიდერი
ფიქსირებული სიგრძის საკონტროლო ველი 01256nam a2200241Ia 4500
001 - საკონტროლო ნომერი
საკონტროლო ველი 7397
003 - საკონტროლო ნომრის იდენტიფიკატორი
საკონტროლო ველი GE_BSU
005 - ბოლო ოპერაციის თარიღი და დრო
საკონტროლო ველი 20191224173613.0
008 - ფიქსირებული სიგრძის მონაცემთა ელემენტები - ზოგადი ინფორმაცია
ფიქსირებული სიგრძის საკონტროლო ველი 181216s2013||||ge |||||||||||||| ||geo||
020 ## - წიგნის საერთაშორისო სტანდარტული ნომერი
International Standard Book Number 9789941434273
040 ## - კატალოგიზაციის წყარო
Transcribing agency GE_BSU
041 ## - ენის კოდი
Language code of text/sound track or separate title geo
080 ## - უნივერსალური ათობითი კლასიფიკაციის ინდექსი
Universal Decimal Classification number 821.353.1-1+821.353.1-1+929.55 შ-16
100 ## - მთავარი ჩანაწერი - პიროვნების სახელი
Personal name შავლაძე, თეა
9 (RLIN) 5961
245 ## - ცნობა სათაურის შესახებ
Title ეპიტაფია როგორც ტექსტობრივი ფენომენი და მისი ძირითადი ტიპები ქართულ და ანგლო-ამერიკულ კულტურებში :
Remainder of title მონოგრაფია /
Statement of responsibility, etc თეა შავლაძე ; რედ. ნინო კირვალიძე.
264 ## - წარმოების, გამოცემის, დისტრიბუციის და სხვა ცნობები
გამოცემის, წარმოების, დისტრიბუციის... ადგილი ბათუმი :
გამოცემის, წარმოების, დისტრიბუციის... სახელწოდება შოთა რუსთაველის სახ. უნ-ტი,
გამოცემის, წარმოების, დისტრიბუციის... თარიღი 2013.
300 ## - ფიზიკური აღწერა
Extent 202 გვ.;
Other physical details 21 სმ.
504 ## - BIBLIOGRAPHY, ETC. NOTE
Bibliography, etc ბიბლიოგრ.: გვ. 198-202.
653 ## - INDEX TERM--UNCONTROLLED
Uncontrolled term ქართული ეპიტაფიები
653 ## - INDEX TERM--UNCONTROLLED
Uncontrolled term ინგლისურენოვანი ეპიტაფიები
700 ## - ADDED ENTRY--PERSONAL NAME
Personal name კირვალიძე, ნინო
Relator term რედაქტორი
9 (RLIN) 5962
942 ## - ADDED ENTRY ELEMENTS (KOHA)
Koha item type წიგნი
Source of classification or shelving scheme
ეგზემპლარები
ჩამოწერის სტატუსი დაკარგული ეგზემპლარის სტატუსი კლასიფიკაციის წყარო ან თაროზე გაწყობის სქემა დაზიანების სტატუსი არ გაიცემა მუდმივი მდებარეობა (დაცვის ადგილი) ამჟამინდელი ადგილსამყოფელი თაროზე განთავსების ადგილი შეძენის თარიღი ღირებულება, შესყიდვის ნორმალური ფასი სრული შენახვის შიფრი შტრიხკოდი ბოლო ოპერაციის თარიღი ეგზემპლარის მიმდევრობითი ნომერი (კეტერი?) ფასის ძალაში შესვლის თარიღი ეგზემპლარის სახეობა საჯარო შენიშვნა
          ბათუმის შოთა რუსთაველის სახელმწიფო უნივერსიტეტის მთავარი ბიბლიოთეკა ბათუმის შოთა რუსთაველის სახელმწიფო უნივერსიტეტის მთავარი ბიბლიოთეკა წიგნსაცავი 2018-12-17 5.59 821.353.1-1+821.353.1-1+929.55 შ-16 7176 2018-12-17 7176 2018-12-17 წიგნი 5 ლ. 90 თ.
          ბათუმის შოთა რუსთაველის სახელმწიფო უნივერსიტეტის მთავარი ბიბლიოთეკა ბათუმის შოთა რუსთაველის სახელმწიფო უნივერსიტეტის მთავარი ბიბლიოთეკა წიგნსაცავი 2018-12-17 5.59 821.353.1-1+821.353.1-1+929.55 შ-16 7177 2018-12-17 7177 2018-12-17 წიგნი 5 ლ. 90 თ.
          ბათუმის შოთა რუსთაველის სახელმწიფო უნივერსიტეტის მთავარი ბიბლიოთეკა ბათუმის შოთა რუსთაველის სახელმწიფო უნივერსიტეტის მთავარი ბიბლიოთეკა წიგნსაცავი 2018-12-17 5.59 821.353.1-1+821.353.1-1+929.55 შ-16 7178 2018-12-17 7178 2018-12-17 წიგნი 5 ლ. 90 თ.
          ბათუმის შოთა რუსთაველის სახელმწიფო უნივერსიტეტის მთავარი ბიბლიოთეკა ბათუმის შოთა რუსთაველის სახელმწიფო უნივერსიტეტის მთავარი ბიბლიოთეკა წიგნსაცავი 2018-12-17 5.59 821.353.1-1+821.353.1-1+929.55 შ-16 7179 2018-12-17 7179 2018-12-17 წიგნი 5 ლ. 90 თ.
          ბათუმის შოთა რუსთაველის სახელმწიფო უნივერსიტეტის მთავარი ბიბლიოთეკა ბათუმის შოთა რუსთაველის სახელმწიფო უნივერსიტეტის მთავარი ბიბლიოთეკა წიგნსაცავი 2018-12-17 5.59 821.353.1-1+821.353.1-1+929.55 შ-16 7180 2018-12-17 7180 2018-12-17 წიგნი 5 ლ. 90 თ.